Neurocomputing /

Uložené v:
Podrobná bibliografia
Hlavný autor: Hecht-Nielsen, Robert (Autor)
Médium: Kniha
Jazyk:English
Vydavateľské údaje: Reading : Addison-Wesley, 1990
Tagy: Pridať tag
Žiadne tagy, Buďte prvý, kto otaguje tento záznam!

MARC

LEADER 00000nam a22000003a 4500
001 stu156
005 20150617225621.4
008 910402s1990----xxu-----------------eng-d
020 |a 0-201-09355-3 
040 |a STU  |b slo 
041 0 |a eng 
044 |a xxu 
080 |a 681.322 
080 |a 577.352.5 
080 |a 519.72 
100 1 |a Hecht-Nielsen, Robert  |4 aut 
245 1 |a Neurocomputing /  |c [aut.] Hecht-Nielsen,Robert 
260 |a Reading :  |b Addison-Wesley,  |c 1990 
300 |a 433 s 
996 |b I4507  |c I*4507  |l II680  |s A  |a 24  |w stu156_0001